000 00485nam a2200193Ia 4500
005 20240808111511.0
008 131103s9999 xx 000 0 und d
040 _aLoreto College
041 _aEnglish
082 _a822
_bTHO
100 _aThornley, G. C.
245 2 _aA number of things
_cG. C. Thornley
260 _aLondon
_bLongmans
_c1962
300 _a72p.
_b ill.
440 _aPleasant books in easy english
650 _aEnglish drama
850 _aLCBED
942 _cBK
999 _c29667
_d80146